| 000 | 00860cam a2200181 i 4500 | ||
|---|---|---|---|
| 005 | 20251222122339.0 | ||
| 008 | 250721s1994 ua gr 000 0 ara d | ||
| 082 | 1 | 4 |
_a218,51 _bز م خ |
| 100 | 1 |
_aالزمخشري، جار الله أبو القاسم محمود بن عمر، _d467- 538ه، _eمؤلف. |
|
| 245 | 1 | 0 |
_aأطواق الذهب في المواعظ والخطب للزمخشري / _cجاد الله محمود بن عمر بن محمد الخوارزمي ؛ دراسة وتحقيق أحمد عبد التواب عوض. |
| 264 | 3 | 1 |
_aالقاهرة : _bدارا لفضيلة للنشر والتوزيع والتصدير، _c1994. |
| 300 | _a202 صفحة. | ||
| 650 | 1 | 7 | _aالوعظ والإرشاد. |
| 650 | 1 | 7 | _aالمواعظ. |
| 700 | 1 |
_aعوض، أحمد عبد التواب _eمحقق. |
|
| 942 |
_2ddc _cBK |
||
| 999 |
_c4402 _d4402 |
||